000 01205pam a2200325 a 4500
001 2052596
003 ARRUPE
005 20150129142127.0
008 931117s1994 nyu b 001 0 eng
010 _a 93040519
020 _a0415908140 (hbk)
020 _a0415908159 (pbk.)
040 _aDLC
_cDLC
_dDLC
041 1 _aeng
_hfre
050 0 0 _aHQ1154
_b.I74313 1994
082 0 0 _a305.4/2
_220
100 1 _aIrigaray, Luce.
_914724
240 1 0 _aTemps de la différence.
_lEnglish
245 1 0 _aThinking the difference :
_bfor a peaceful revolution /
_cLuce Irigaray ; translated from the French by Karin Montin.
260 _aLondon :
_bThe Athlone Press,
_c1994.
300 _axviii, 118 p. ;
_c22 cm.
504 _aIncludes bibliographical references and index.
650 0 _aFeminism.
_99992
650 0 _aSex role.
_914763
650 0 _aWomen
_xPsychology.
_914764
856 4 2 _3Publisher description
_uhttp://www.loc.gov/catdir/enhancements/fy0651/93040519-d.html
906 _a7
_bcbc
_corignew
_d1
_eocip
_f19
_gy-gencatlg
942 _2lcc
_cMONOGRAPH
999 _c121929
_d121929